[Event "Challenge"]
[Site "http://www.queenalice.com/game.php?id=1441172"]
[Date "2016.9.13"]
[Round "-"]
[White "adrb"]
[Black "bonow"]
[Result "1/2-1/2"]
[WhiteElo "2233"]
[BlackElo "2155"]

1. d4 Nf6 2. c4 e6 3. Nc3 Bb4 4. Qc2 c5 5. Nf3 Nc6 6. e3 d5 7. a3 Bxc3+ 8. bxc3
O-O 9. Bd3 Re8 10. O-O b6 11. cxd5 exd5 12. dxc5 bxc5 13. Bb5 Bd7 14. Bd2 Ne5
15. Be2 Bg4 16. Qd1 Bxf3 17. Bxf3 Nxf3+ 18. Qxf3 Ne4 19. Qd1 Qf6 20. Qc2 Rab8
21. a4 Nxd2 22. Qxd2 Qc6 23. Rfd1 Red8 24. Qa2 h6 25. Rdb1 Qc7 26. Rb5 a6 27.
Rbb1 Qe5 28. Rc1 Rb6 29. Rab1 Rg6 30. a5 Qe4 31. g3 Qf3 32. Rb6 Rf6 33. Rcb1 h5
34. Rxf6 Qxf6 35. Qc2 h4 36. Rb6 Rd6 37. Rxd6 Qxd6 38. gxh4 Qd8 39. Qa4 Qf6 40.
Qd7 Qg6+ 41. Kf1 Qd3+ 42. Kg1 Qg6+ 43. Kf1 Qd3+ 1/2-1/2

[Event "AUTO-MASTER-2527"]
[Site "http://www.queenalice.com/game.php?id=1448656"]
[Date "2016.11.7"]
[Round "1"]
[White "areis"]
[Black "adrb"]
[Result "1-0"]
[WhiteElo "2061"]
[BlackElo "2246"]

1. d4 Nf6 2. Nf3 e6 3. Bf4 d5 4. e3 c6 5. Bd3 Bd6 6. Ne5 O-O 7. Nd2 Qc7 8. h3
Nbd7 9. Ndf3 c5 10. Nxd7 Bxd7 11. Bxd6 Qxd6 12. c3 c4 13. Bc2 a5 14. O-O a4 15.
Ne5 b5 16. Re1 a3 17. b3 cxb3 18. Bxb3 Rac8 19. Rc1 Ne4 20. Qd3 f6 21. Nf3 Be8
22. Nd2 Nxd2 23. Qxd2 Bg6 24. Qe2 Qd7 25. Qd2 Qb7 26. Bc2 Be4 27. Bxe4 dxe4 28.
Rb1 Qd5 29. Rb3 Ra8 30. Reb1 Ra5 31. Qe2 Qc6 32. Kf1 Rc8 33. Qg4 Qd5 34. Qe2 Qc6
35. g3 f5 36. Kg2 g6 37. Rxb5 Qxc3 38. R1b3 Qc7 39. Qd2 Rca8 40. Rb7 Qd6 41. Qc3
Rd8 42. Qxa5 1-0

[Event "AUTO-MASTER-2527"]
[Site "http://www.queenalice.com/game.php?id=1448657"]
[Date "2016.11.7"]
[Round "1"]
[White "adrb"]
[Black "areis"]
[Result "1-0"]
[WhiteElo "2231"]
[BlackElo "2071"]

1. d4 Nf6 2. c4 g6 3. Nc3 d5 4. Nf3 Bg7 5. Bf4 O-O 6. e3 c6 7. Bd3 Bg4 8. O-O
Nbd7 9. cxd5 cxd5 10. Rc1 a6 11. h3 Bxf3 12. Qxf3 e6 13. a3 b5 14. Rfe1 Nh5 15.
Ne2 Qb6 16. Bc7 Qb7 17. Ba5 Rac8 18. Nc3 Rc6 19. Na2 Rfc8 20. Rxc6 Rxc6 21. Nb4
Rc8 22. g4 Nhf6 23. g5 Ne4 24. Bxe4 dxe4 25. Qg4 Nb6 26. Bxb6 Qxb6 27. Qxe4 a5
28. Na2 h6 29. gxh6 Bxh6 30. Nc3 Qd8 31. Rd1 b4 32. axb4 axb4 33. Ne2 Qg5+ 34.
Kh2 Qd5 35. Qxd5 exd5 36. Rc1 Rd8 37. Rc7 Bf8 38. Rb7 Rc8 39. Kg2 Rc2 40. Kf3
Rxb2 41. Nf4 Rb1 42. Nxd5 b3 43. Nf6+ Kg7 44. Ne4 b2 45. Nd2 Rh1 46. Kg2 Rd1 47.
Rxb2 Ba3 48. Ra2 Bb4 49. Nf3 Bd6 50. Ra7 Rb1 51. Ng5 1-0

[Event "AUTO-MASTER-2527"]
[Site "http://www.queenalice.com/game.php?id=1448670"]
[Date "2016.11.7"]
[Round "1"]
[White "adrb"]
[Black "LOMBARDY"]
[Result "1-0"]
[WhiteElo "2222"]
[BlackElo "2222"]

1. d4 Nf6 2. c4 e6 3. Nc3 Bb4 4. Qc2 O-O 5. Nf3 d5 6. cxd5 exd5 7. Bg5 c6 8. e3
Nbd7 9. Bd3 h6 10. Bh4 Be7 11. O-O Nh5 12. Bxe7 Qxe7 13. Rfe1 Nhf6 14. Rac1 Re8
15. Ne2 Ne4 16. Nf4 Nf8 17. Ne5 f6 18. Bxe4 fxe5 19. Ng6 Nxg6 20. Bxg6 Rf8 21.
dxe5 Qxe5 22. Bd3 Bf5 23. Bxf5 Rxf5 24. f4 Qe7 25. Qxf5 1-0

[Event "AUTO-MASTER-2527"]
[Site "http://www.queenalice.com/game.php?id=1448671"]
[Date "2016.11.7"]
[Round "1"]
[White "LOMBARDY"]
[Black "adrb"]
[Result "1/2-1/2"]
[WhiteElo "2195"]
[BlackElo "2234"]

1. e4 e6 2. Nf3 d5 3. Nc3 Nf6 4. Qe2 dxe4 5. Nxe4 Nc6 6. c3 Be7 7. d4 O-O 8. g3
a6 9. Bg2 Bd7 10. O-O Nb8 11. Ne5 Bb5 12. Nc4 c6 13. a4 Bxc4 14. Nxf6+ Bxf6 15.
Qxc4 Nd7 16. Re1 Bg5 17. f4 Be7 18. Qf1 a5 19. h3 Re8 20. f5 exf5 21. Qxf5 Nf6
22. Bg5 Nd5 23. Bxe7 Rxe7 24. Bxd5 Rxe1+ 25. Rxe1 cxd5 26. Rf1 Qc7 27. Kg2 Rd8
28. Re1 Qb6 29. Re2 h6 30. Rf2 Qc7 31. Re2 1/2-1/2

[Event "AUTO-MASTER-2527"]
[Site "http://www.queenalice.com/game.php?id=1448672"]
[Date "2016.11.7"]
[Round "1"]
[White "adrb"]
[Black "clovis"]
[Result "0-1"]
[WhiteElo "2222"]
[BlackElo "2203"]

1. d4 d5 2. c4 c6 3. Nc3 e6 4. Nf3 Nf6 5. Bf4 Bd6 6. Bxd6 Qxd6 7. c5 Qe7 8. e3
Nbd7 9. Bd3 e5 10. Nxe5 Nxe5 11. dxe5 Qxe5 12. O-O Ng4 13. g3 Qh5 14. h4 g5 15.
Kg2 gxh4 16. Rh1 h3+ 17. Rxh3 Nxe3+ 0-1

[Event "AUTO-MASTER-2527"]
[Site "http://www.queenalice.com/game.php?id=1448673"]
[Date "2016.11.7"]
[Round "1"]
[White "clovis"]
[Black "adrb"]
[Result "0-1"]
[WhiteElo "2232"]
[BlackElo "2209"]

1. e4 c5 2. Nf3 Nc6 3. Bb5 Nf6 4. Nc3 Nd4 5. O-O Nxb5 6. Nxb5 Nxe4 7. Re1 d5 8.
d3 Nd6 9. Nc3 d4 10. Ne4 Nxe4 11. Rxe4 e6 12. Bf4 Bd6 13. Bxd6 Qxd6 14. Qe2 O-O
15. Re1 f6 16. a4 Bd7 17. b3 e5 18. Nd2 Bf5 19. Rh4 Qd7 20. Ne4 Rac8 21. Qh5 g5
22. Ng3 Bg6 0-1

[Event "AUTO-OPEN-3724"]
[Site "http://www.queenalice.com/game.php?id=1448700"]
[Date "2016.11.7"]
[Round "1"]
[White "honoriolemos"]
[Black "adrb"]
[Result "0-1"]
[WhiteElo "2118"]
[BlackElo "2238"]

1. d4 Nf6 2. Nf3 e6 3. Bf4 d5 4. e3 c6 5. Bd3 Bd6 6. Bxd6 Qxd6 7. O-O O-O 8.
Nbd2 Nbd7 9. c4 c5 10. Re1 b6 11. Qc2 cxd4 12. Nxd4 Bb7 13. N2b3 Rfc8 14. Qe2
dxc4 15. Bxc4 a6 16. Rad1 Qe5 17. Nd2 Qg5 18. N4f3 Qh5 19. Nd4 Qg6 20. f3 Ne5
21. Bb3 Nd3 22. Rf1 b5 23. Bc2 Rxc2 24. Nxc2 Nxb2 25. Rc1 Nd3 26. Rb1 Rd8 27.
Nd4 Rxd4 28. exd4 Nf4 29. Qf2 Nh3+ 30. Kh1 Nxf2+ 31. Rxf2 Bd5 32. Rc1 h6 33. Nf1
Qd3 34. Rd2 Qa3 35. Rcc2 Nh5 36. Ng3 Nf4 37. Ne2 Qe3 0-1

[Event "AUTO-OPEN-3724"]
[Site "http://www.queenalice.com/game.php?id=1448701"]
[Date "2016.11.7"]
[Round "1"]
[White "adrb"]
[Black "honoriolemos"]
[Result "1/2-1/2"]
[WhiteElo "2228"]
[BlackElo "2110"]

1. d4 Nf6 2. c4 e6 3. Nf3 d5 4. Nc3 Be7 5. Bf4 a6 6. e3 Nbd7 7. cxd5 exd5 8. Bd3
O-O 9. O-O Re8 10. Rc1 c5 11. Ng5 Nf8 12. dxc5 Bxc5 13. a3 Ba7 14. Qb3 h6 15.
Nf3 Ne6 16. Be5 d4 17. exd4 Nxd4 18. Bxd4 Bxd4 19. Nxd4 Qxd4 20. Ne2 Qg4 21. h3
Qg5 22. Rc7 Be6 23. Bc4 Qe5 24. Rxb7 Bxc4 25. Qxc4 Re7 26. Rxe7 Qxe7 27. Nc3 Qb7
28. Qe2 Re8 29. Qc2 Rc8 30. Re1 Qc6 31. Qf5 Rb8 32. Qc2 Rc8 33. Qb3 Qd6 34. Rd1
Qc6 35. Qb4 Qc7 36. Qa4 Qb6 37. Qc2 Qe6 38. Qa4 Rb8 39. Qc2 Rc8 1/2-1/2

[Event "AUTO-OPEN-3724"]
[Site "http://www.queenalice.com/game.php?id=1448722"]
[Date "2016.11.7"]
[Round "1"]
[White "Nonato65"]
[Black "adrb"]
[Result "1-0"]
[WhiteElo "2103"]
[BlackElo "2207"]

1. e4 e6 2. d4 d5 3. e5 c5 4. c3 Qc7 5. Be3 cxd4 6. cxd4 Bb4+ 7. Bd2 Nc6 8. Nf3
Nge7 9. a3 Bxd2+ 10. Nbxd2 Bd7 11. Bd3 Nxd4 12. Rc1 Nxf3+ 13. Nxf3 Qb6 14. Qe2
O-O 15. O-O Ng6 16. g3 Rfc8 17. Kg2 a6 18. Qd2 Nf8 19. b4 Ba4 20. h4 Qd8 21. Bb1
1-0

[Event "AUTO-OPEN-3724"]
[Site "http://www.queenalice.com/game.php?id=1448723"]
[Date "2016.11.7"]
[Round "1"]
[White "adrb"]
[Black "Nonato65"]
[Result "0-1"]
[WhiteElo "2224"]
[BlackElo "2065"]

1. d4 Nf6 2. c4 d6 3. Nf3 g6 4. Nc3 Bg7 5. e4 O-O 6. Bd3 Nc6 7. O-O Bg4 8. Be2
h6 9. Be3 Re8 10. Qd2 a6 11. d5 Nb8 12. Bxh6 Nbd7 13. Bf4 Nf8 14. Rfe1 Rb8 15.
Bh6 e5 16. b3 Bxf3 17. Bxf3 Kh7 18. Bxg7 Kxg7 19. Qg5 N8h7 20. Qg3 Rh8 0-1

[Event "AUTO-OPEN-3724"]
[Site "http://www.queenalice.com/game.php?id=1448736"]
[Date "2016.11.7"]
[Round "1"]
[White "adrb"]
[Black "colombHouse"]
[Result "0-1"]
[WhiteElo "2192"]
[BlackElo "2473"]

1. d4 Nf6 2. c4 e6 3. Nc3 d5 4. Nf3 h6 5. Qc2 c5 6. cxd5 exd5 7. e3 Nc6 8. Bb5
Bd6 9. O-O cxd4 10. Nxd4 O-O 11. Nf3 Be6 12. Bd2 a6 0-1

[Event "AUTO-OPEN-3724"]
[Site "http://www.queenalice.com/game.php?id=1448737"]
[Date "2016.11.7"]
[Round "1"]
[White "colombHouse"]
[Black "adrb"]
[Result "1-0"]
[WhiteElo "2475"]
[BlackElo "2188"]

1. d4 Nf6 2. Nf3 e6 3. Bf4 d5 4. e3 c5 5. c4 Nc6 6. Nc3 cxd4 7. exd4 Bd6 8. Bxd6
Qxd6 9. c5 Qe7 10. Bb5 O-O 11. O-O 1-0